[Event "4NCL Division 3 Central"]
[Site "Leamington Spa, ENG"]
[Date "2022.03.27"]
[Round "6.52"]
[White "Matta, Francesca"]
[Black "Taylor, Robert K"]
[Result "0-1"]
[WhiteElo "1940"]
[BlackElo "1940"]
[PlyCount "126"]
[EventDate "2022.03.27"]
[WhiteTeam "Oxford 2"]
[BlackTeam "Shropshire and Friends 1"]

1. c4 Nf6 2. Nc3 e5 3. g3 c6 4. Nf3 d6 5. Bg2 Be7 6. O-O O-O 7. d3 Qc7 8. a4 a5
9. b3 h6 10. Ba3 Bf5 11. Re1 Re8 12. e4 Bh7 13. d4 Nbd7 14. Ra2 Bf8 15. Rd2
Rad8 16. d5 cxd5 17. Nxd5 Nxd5 18. cxd5 Qb6 19. b4 axb4 20. Rb2 Nc5 21. Rxb4
Qa7 22. Rc4 b6 23. Qc2 Ra8 24. Bxc5 dxc5 25. Qb2 Bd6 26. Rb1 Bg6 27. Nd2 Rab8
28. Bf1 Qd7 29. Rc3 Rf8 30. Bb5 Qh3 31. Nc4 Bxe4 32. f3 Bxb1 33. Nxd6 Bg6 34.
Rc4 Qh5 35. g4 Qg5 36. Ne4 Qe3+ 37. Kg2 f6 38. Bd7 Rfd8 39. Be6+ Kh7 40. d6 Qd3
41. d7 Rxd7 42. Bxd7 Qxc4 43. Bc6 Qb4 44. Qa2 c4 45. h4 Rd8 46. Qc2 Qb3 47. Qe2
Qd3 48. Qa2 h5 49. gxh5 Bxh5 50. Nxf6+ Kh6 51. Ng4+ Bxg4 52. fxg4 Qd2+ 53.
Qxd2+ Rxd2+ 54. Kf3 Rh2 55. g5+ Kh5 56. Ke4 Rxh4+ 57. Kxe5 c3 58. Kf5 Rc4 59.
Bf3+ Kh4 60. Bd1 c2 61. Bxc2 Rxc2 62. Kg6 Rf2 63. Kxg7 Kxg5 0-1

[Event "4NCL Division 3 Central"]
[Site "Leamington Spa, ENG"]
[Date "2022.03.27"]
[Round "6.53"]
[White "Higgie, Charles L"]
[Black "Terry, Sean"]
[Result "1/2-1/2"]
[WhiteElo "1915"]
[BlackElo "1921"]
[PlyCount "71"]
[EventDate "2022.03.27"]
[WhiteTeam "Shropshire and Friends 1"]
[BlackTeam "Oxford 2"]

1. d4 Nf6 2. c4 Nc6 3. Nc3 e5 4. d5 Ne7 5. e4 d6 6. Bd3 g6 7. f3 Bg7 8. Nge2
O-O 9. Be3 c6 10. Qd2 b5 11. dxc6 bxc4 12. Bxc4 Nxc6 13. Bg5 h6 14. Bxh6 Nxe4
15. Nxe4 Qh4+ 16. g3 Qxh6 17. Qxh6 Bxh6 18. Nxd6 Bh3 19. Kf2 Be6 20. Bxe6 fxe6
21. Rhd1 Nb4 22. Nc3 Nc2 23. Rab1 Be3+ 24. Kg2 Bd4 25. Rd3 Ne3+ 26. Rxe3 Bxe3
27. Nce4 Rfd8 28. b4 Rab8 29. Rb3 Bd4 30. b5 Kf8 31. a4 Ke7 32. Nc4 Rdc8 33.
Rb4 Bc5 34. Rb1 Bd4 35. Rb4 Bc5 36. Rb1 1/2-1/2

[Event "4NCL Division 3 Central"]
[Site "Leamington Spa, ENG"]
[Date "2022.03.27"]
[Round "6.54"]
[White "Phan, Stefanus K F"]
[Black "Bryant, Richard B E"]
[Result "1-0"]
[WhiteElo "1789"]
[BlackElo "1811"]
[PlyCount "71"]
[EventDate "2022.03.27"]
[WhiteTeam "Oxford 2"]
[BlackTeam "Shropshire and Friends 1"]

1. c4 Nf6 2. g3 e5 3. Bg2 Nc6 4. Nc3 d6 5. Nf3 g6 6. d4 exd4 7. Nxd4 Ne5 8. O-O
Bg7 9. b3 O-O 10. Qd2 Rb8 11. a4 Bd7 12. Bb2 Qc8 13. Rfd1 Re8 14. Rac1 Bh3 15.
Bh1 Neg4 16. Nd5 a6 17. Nxf6+ Nxf6 18. b4 Ne4 19. Qc2 Ng5 20. c5 dxc5 21. Qxc5
Ne6 22. Qc2 c6 23. Nf3 Bf5 24. Qb3 Be4 25. Bxg7 Kxg7 26. Qb2+ Kg8 27. Ne5 Ng5
28. Bxe4 Nxe4 29. Nd7 Ra8 30. f3 Re6 31. fxe4 Qd8 32. Nc5 Qf6 33. Qxf6 Rxf6 34.
Nxb7 Rb8 35. Rd8+ Rxd8 36. Nxd8 1-0

[Event "4NCL Division 3 Central"]
[Site "Leamington Spa, ENG"]
[Date "2022.03.27"]
[Round "6.55"]
[White "Holmes, Thalia"]
[Black "Murawski, Jan"]
[Result "1/2-1/2"]
[WhiteElo "1654"]
[BlackElo "1853"]
[PlyCount "72"]
[EventDate "2022.03.27"]
[WhiteTeam "Shropshire and Friends 1"]
[BlackTeam "Oxford 2"]

1. f4 e5 2. fxe5 d6 3. exd6 Bxd6 4. Nf3 g5 5. g3 Nc6 6. d4 g4 7. Nh4 Nxd4 8. e3
Nf5 9. Nxf5 Bxf5 10. Bd3 Qd7 11. Rf1 Bg6 12. Qe2 O-O-O 13. Bd2 Be5 14. Nc3 Nf6
15. e4 Rhe8 16. O-O-O Bxc3 17. Bxc3 Nxe4 18. Bb5 Qe6 19. Bxe8 Rxe8 20. Qb5 Nxc3
21. bxc3 a6 22. Qd5 Qe3+ 23. Kb2 Kb8 24. Rfe1 Qxe1 25. Rxe1 Rxe1 26. Qd8+ Ka7
27. Qd4+ b6 28. Qxg4 Re6 29. Qf4 Kb7 30. Qf3+ Ka7 31. h4 h5 32. Qf4 Kb7 33.
Qf3+ Ka7 34. c4 Re5 35. Kb3 Rc5 36. Qf6 a5 1/2-1/2

[Event "4NCL Division 3 Central"]
[Site "Leamington Spa, ENG"]
[Date "2022.03.27"]
[Round "6.56"]
[White "Neatherway, A Philip"]
[Black "Slegg, Gary"]
[Result "1/2-1/2"]
[WhiteElo "1781"]
[BlackElo "1529"]
[PlyCount "43"]
[EventDate "2022.03.27"]
[WhiteTeam "Oxford 2"]
[BlackTeam "Shropshire and Friends 1"]

1. e4 c5 2. Nf3 Nc6 3. d4 cxd4 4. Nxd4 g6 5. Bc4 Bg7 6. Be3 Nf6 7. Nc3 Nxe4 8.
Bxf7+ Kxf7 9. Nxe4 Rf8 10. Ng5+ Kg8 11. Qd2 Bxd4 12. Bxd4 Nxd4 13. Nxh7 Nxc2+
14. Qxc2 Qa5+ 15. Kf1 Kxh7 16. h4 Kg7 17. Re1 Rf7 18. h5 gxh5 19. g4 Qa6+ 20.
Kg1 Qg6 21. Qc3+ Qf6 22. Qc2 1/2-1/2

[Event "4NCL Division 3 Central"]
[Site "Leamington Spa, ENG"]
[Date "2022.03.27"]
[Round "6.61"]
[White "Davies, Matthew"]
[Black "Hibbitt, Arthur"]
[Result "1-0"]
[WhiteElo "1894"]
[BlackElo "1741"]
[PlyCount "65"]
[EventDate "2022.03.27"]
[WhiteTeam "West is Best 3"]
[BlackTeam "Oxford 4"]

1. d4 d6 2. g3 Nf6 3. Bg2 Nbd7 4. c4 c6 5. Nc3 e5 6. d5 cxd5 7. cxd5 Be7 8. e4
O-O 9. Nge2 Re8 10. O-O a6 11. h3 b5 12. Be3 Bb7 13. Qd2 Nb6 14. b3 Nbd7 15. f3
Rc8 16. Rfc1 Qa5 17. Rab1 b4 18. Na4 Qb5 19. Bf1 Qa5 20. a3 Rxc1 21. Rxc1 Rc8
22. Qxb4 Qxb4 23. Rxc8+ Bxc8 24. axb4 Bd8 25. Nec3 Kf8 26. b5 axb5 27. Nxb5 Ke7
28. b4 Ne8 29. Na7 Bb7 30. Nc6+ Bxc6 31. dxc6 Nb8 32. b5 Ba5 33. Ba7 1-0

[Event "4NCL Division 3 Central"]
[Site "Leamington Spa, ENG"]
[Date "2022.03.27"]
[Round "6.62"]
[White "Beckett, Richard"]
[Black "Jukes, Sam"]
[Result "0-1"]
[WhiteElo "1635"]
[BlackElo "1843"]
[PlyCount "62"]
[EventDate "2022.03.27"]
[WhiteTeam "Oxford 4"]
[BlackTeam "West is Best 3"]

1. e4 c5 2. Nf3 Nc6 3. d4 cxd4 4. Nxd4 Nf6 5. Nc3 e5 6. Ndb5 d6 7. Na3 a6 8.
Bg5 b5 9. Nd5 Be7 10. Bxf6 Bxf6 11. c3 O-O 12. Nc2 Bg5 13. Nce3 g6 14. Bd3 Ra7
15. O-O f5 16. exf5 gxf5 17. Qh5 f4 18. Ng4 Rg7 19. h4 Bxg4 20. Qxg4 Bxh4 21.
Qf3 Qg5 22. a4 b4 23. Bxa6 Na5 24. Nxb4 e4 25. Qh3 f3 26. g3 Bxg3 27. Rad1
Bxf2+ 28. Kxf2 e3+ 29. Ke1 e2 30. Bxe2 Qe3 31. Qh2 Rg2 0-1

[Event "4NCL Division 3 Central"]
[Site "Leamington Spa, ENG"]
[Date "2022.03.27"]
[Round "6.63"]
[White "Smith, Steve"]
[Black "Tringali, Alessandro"]
[Result "1/2-1/2"]
[WhiteElo "1815"]
[BlackElo "1641"]
[PlyCount "52"]
[EventDate "2022.03.27"]
[WhiteTeam "West is Best 3"]
[BlackTeam "Oxford 4"]

1. e4 e5 2. Nf3 Nc6 3. Bb5 Nf6 4. O-O Nxe4 5. d4 Nd6 6. Bxc6 dxc6 7. dxe5 Nf5
8. Qxd8+ Kxd8 9. Nc3 Ke8 10. h3 h5 11. Bg5 Be7 12. Bxe7 Nxe7 13. Rad1 Ng6 14.
Rd4 Bf5 15. Rd2 Rd8 16. Rfd1 Rxd2 17. Rxd2 h4 18. Ne2 Rh5 19. Ned4 Be4 20. Re2
Bd5 21. b3 Ke7 22. c4 Bxf3 23. Nxf3 c5 24. Re4 Ke6 25. Kf1 Nxe5 26. Nxe5 Rxe5
1/2-1/2

[Event "4NCL Division 3 Central"]
[Site "Leamington Spa, ENG"]
[Date "2022.03.27"]
[Round "6.64"]
[White "Hertog, Alexander"]
[Black "Chong, Kimberly"]
[Result "1-0"]
[WhiteElo "1489"]
[BlackElo "1790"]
[PlyCount "87"]
[EventDate "2022.03.27"]
[WhiteTeam "Oxford 4"]
[BlackTeam "West is Best 3"]

1. Nf3 d5 2. e3 c5 3. d4 e6 4. b3 Nc6 5. Bb2 Nf6 6. Be2 Bd6 7. O-O O-O 8. dxc5
Bxc5 9. c4 Qe7 10. cxd5 Nxd5 11. Nc3 Nf6 12. Na4 Bd6 13. Nd4 Bd7 14. Nc3 Rad8
15. Nxc6 Bxc6 16. Qc2 Qc7 17. h3 Bh2+ 18. Kh1 Be5 19. Rac1 Rd7 20. Nb5 Qb8 21.
Bxe5 Qxe5 22. Nd4 Be4 23. Qc5 Rd5 24. Qc7 Qg5 25. Bf3 Qh4 26. Bxe4 Nxe4 27. Nf3
Qh5 28. Rc4 Nd2 29. Nxd2 Rxd2 30. a4 Qe2 31. Rcc1 Qa6 32. Qc3 Rd6 33. f4 Rd3
34. Qb4 Rxe3 35. f5 exf5 36. Rxf5 Qe6 37. Rcf1 Qc6 38. Qf4 Rxh3+ 39. Kg1 Qb6+
40. Rf2 Rd3 41. Rxf7 Rd1+ 42. Kh2 Qh6+ 43. Qxh6 Rxf7 44. Qe6 1-0

[Event "4NCL Division 3 Central"]
[Site "Leamington Spa, ENG"]
[Date "2022.03.27"]
[Round "6.65"]
[White "Saunders, Aron"]
[Black "Hariharan, Shambavi"]
[Result "1-0"]
[WhiteElo "1731"]
[BlackElo "1473"]
[PlyCount "119"]
[EventDate "2022.03.27"]
[WhiteTeam "West is Best 3"]
[BlackTeam "Oxford 4"]

1. e4 c6 2. d4 d5 3. exd5 cxd5 4. c4 Nf6 5. Nc3 Nc6 6. Nf3 e6 7. cxd5 Nxd5 8.
Bd3 Bb4 9. Bd2 Qa5 10. Rc1 Bd7 11. O-O Be7 12. Re1 Bf6 13. Nb5 Qb6 14. Nd6+ Kf8
15. Nc4 Qd8 16. Nce5 h6 17. Qb3 Rb8 18. h3 Bxe5 19. dxe5 g6 20. Be4 Kg7 21.
Bxd5 exd5 22. Qxd5 Be6 23. Qxd8 Rhxd8 24. a3 Rbc8 25. Bc3 Ne7 26. Red1 Rxd1+
27. Rxd1 Nd5 28. Bd4 a6 29. Kh2 Rc2 30. Rd2 Rc8 31. Ng1 Ne7 32. g4 Rd8 33. Bc3
Rc8 34. Ne2 Nd5 35. f4 Nxc3 36. Nxc3 Rc4 37. Kg3 Rc8 38. Rd6 Rc7 39. Rb6 Rd7
40. Rd6 Rc7 41. Kf3 Re7 42. Ke4 Rc7 43. Rd4 Kf8 44. f5 gxf5+ 45. gxf5 Bc8 46.
Rd6 Rc6 47. Rxc6 bxc6 48. b4 Ke7 49. Kf4 Kf8 50. Ne4 Ke7 51. Nc5 Ke8 52. e6
fxe6 53. fxe6 Ke7 54. Ke5 h5 55. h4 Kd8 56. Kd6 Ke8 57. Ne4 Kd8 58. e7+ Ke8 59.
Nf6+ Kf7 60. e8=Q+ 1-0

[Event "4NCL Division 3 Central"]
[Site "Leamington Spa, ENG"]
[Date "2022.03.27"]
[Round "6.66"]
[White "Matilal, Tamal"]
[Black "Di-Vetta, Andrew"]
[Result "0-1"]
[WhiteElo "1374"]
[BlackElo "1730"]
[PlyCount "90"]
[EventDate "2022.03.27"]
[WhiteTeam "Oxford 4"]
[BlackTeam "West is Best 3"]

1. Nf3 c5 2. b3 Nc6 3. Bb2 Nf6 4. d4 e6 5. g3 cxd4 6. Nxd4 Qa5+ 7. c3 Qd5 8.
Rg1 Bc5 9. Bg2 Qd6 10. e4 e5 11. Nf5 Qxd1+ 12. Kxd1 Ng4 13. b4 Nxf2+ 14. Ke2
Nd3 15. bxc5 Nxb2 16. Nd6+ Ke7 17. Nd2 Na4 18. Rgf1 f6 19. Nf5+ Kf7 20. Nc4
Nxc3+ 21. Kd3 Nb5 22. a4 Nb4+ 23. Kd2 Nd4 24. Nxd4 exd4 25. e5 Na6 26. Nd6+ Ke6
27. Nxc8 Nxc5 28. Rae1 Nb3+ 29. Kd1 fxe5 30. Bh3+ Kd5 31. Bxd7 Raxc8 32. Bxc8
Rxc8 33. Rf7 Rc1+ 34. Ke2 d3+ 35. Kf1 Nd2+ 36. Kf2 Ne4+ 37. Kf1 d2 38. Rd7+ Nd6
39. Rd1 Rxd1+ 40. Ke2 Rh1 41. Kxd2 Rxh2+ 42. Kd3 g5 43. Rg7 e4+ 44. Kc3 h6 45.
Rg6 Rh3 0-1

[Event "4NCL Division 3 Central"]
[Site "Leamington Spa, ENG"]
[Date "2022.03.27"]
[Round "6.71"]
[White "Bentley, Alex"]
[Black "Pink, Joshua"]
[Result "1/2-1/2"]
[WhiteElo "1756"]
[BlackElo "1934"]
[PlyCount "87"]
[EventDate "2022.03.27"]
[WhiteTeam "Ashfield 2"]
[BlackTeam "Throw in the Tal"]

1. e4 e5 2. Nc3 Nc6 3. f4 exf4 4. Nf3 Be7 5. Bc4 Bh4+ 6. Ke2 d6 7. d4 Bg4 8.
Bxf4 f5 9. exf5 Qf6 10. Be3 Qxf5 11. Kd2 Bxf3 12. Qxf3 Qxf3 13. gxf3 O-O-O 14.
Be6+ Kb8 15. f4 Bf6 16. d5 Nd4 17. Bxd4 Bxd4 18. Kd3 Bxc3 19. Kxc3 Ne7 20. Kd3
Rhf8 21. Raf1 Rf6 22. Rf3 Rdf8 23. Rhf1 g6 24. c4 a5 25. Ke4 Nf5 26. a3 c5 27.
Bxf5 Rxf5 28. Rg1 Kc7 29. Rg5 R5f7 30. h4 Re8+ 31. Kd3 Ref8 32. Ke4 Rf5 33. h5
Re8+ 34. Kd3 h6 35. Rxg6 Rxh5 36. f5 Rf8 37. f6 Rf7 38. Rg7 Rxg7 39. fxg7 Rg5
40. Rf7+ Kb6 41. Rf6 Kc7 42. Rf7+ Kb6 43. Rf6 Kc7 44. Rf7+ 1/2-1/2

[Event "4NCL Division 3 Central"]
[Site "Leamington Spa, ENG"]
[Date "2022.03.27"]
[Round "6.72"]
[White "Manickam, Saravanna Bava"]
[Black "Bromilow, Edward T"]
[Result "1-0"]
[WhiteElo "1763"]
[BlackElo "1795"]
[PlyCount "115"]
[EventDate "2022.03.27"]
[WhiteTeam "Throw in the Tal"]
[BlackTeam "Ashfield 2"]

1. d4 e6 2. Bf4 f5 3. e3 Nf6 4. Nd2 d6 5. h3 Be7 6. Ngf3 O-O 7. Be2 Qe8 8. O-O
Nc6 9. c4 a5 10. Nb1 Ne4 11. Bd3 Bd8 12. Bh2 Nb4 13. a3 Nxd3 14. Qxd3 Kh8 15.
Nc3 Nxc3 16. Qxc3 Bf6 17. c5 Ra6 18. b4 Qb5 19. Rfb1 a4 20. Ra2 Rc6 21. Rab2 g5
22. Qd2 g4 23. hxg4 fxg4 24. Ne1 e5 25. dxe5 dxe5 26. Rd1 Be6 27. Qe2 Qxe2 28.
Rxe2 e4 29. Nc2 Bc4 30. Red2 Bb3 31. Rb1 Bc3 32. Re2 Bc4 33. Ree1 Bxe1 34. Rxe1
Rf7 35. Rd1 Bd3 36. Nd4 Rg6 37. Be5+ Kg8 38. Rc1 h5 39. g3 Rh7 40. Nf5 Rf7 41.
Nd4 Rh7 42. Kg2 h4 43. gxh4 Rxh4 44. Bxc7 Rh5 45. Bf4 Kf7 46. b5 Ke7 47. c6
bxc6 48. bxc6 Ba6 49. c7 Kd7 50. Rb1 Rc5 51. Rb4 Rc1 52. Rxa4 Bf1+ 53. Kg3 Bd3
54. Ra8 Rf1 55. Kh2 Rc1 56. Kg2 Bf1+ 57. Kg3 Bd3 58. Rd8+ 1-0

[Event "4NCL Division 3 Central"]
[Site "Leamington Spa, ENG"]
[Date "2022.03.27"]
[Round "6.73"]
[White "Hardman, Daniel"]
[Black "Goodwin, Ed H"]
[Result "1-0"]
[WhiteElo "1721"]
[BlackElo "1827"]
[PlyCount "113"]
[EventDate "2022.03.27"]
[WhiteTeam "Ashfield 2"]
[BlackTeam "Throw in the Tal"]

1. e4 c5 2. Nc3 a6 3. g3 b5 4. Bg2 Bb7 5. Nge2 e6 6. O-O d5 7. exd5 exd5 8. Nf4
Nf6 9. Re1+ Be7 10. d4 c4 11. Qf3 Ra7 12. Be3 Bc6 13. Nfxd5 Nxd5 14. Nxd5 Rd7
15. Bg5 Bxd5 16. Bxe7 Rxe7 17. Qxd5 O-O 18. Qxd8 Rxe1+ 19. Rxe1 Rxd8 20. c3 Kf8
21. Kf1 Rd6 22. h4 Nd7 23. Bh3 Nb6 24. a3 Na4 25. Re2 Nb6 26. Bg2 Na4 27. f4
Nb6 28. Ke1 Rg6 29. Kf2 Rd6 30. Bf3 h6 31. Ke1 Rg6 32. g4 Rf6 33. f5 g6 34. Be4
gxf5 35. Bxf5 Nd5 36. Rf2 Ke7 37. Bc8 Nf4 38. Kd2 a5 39. g5 hxg5 40. hxg5 Rc6
41. Rxf4 Rxc8 42. Rf5 Rb8 43. Rc5 Kd6 44. Kc2 a4 45. Kd2 Ke6 46. Ke3 Rb7 47.
Ke4 Rb8 48. d5+ Kd6 49. Rc6+ Kd7 50. Kd4 Rg8 51. Rf6 Rxg5 52. Rxf7+ Kd6 53.
Rf6+ Kc7 54. Kc5 Rg2 55. Kxb5 Rxb2+ 56. Kxa4 Rb3 57. Rc6+ 1-0

[Event "4NCL Division 3 Central"]
[Site "Leamington Spa, ENG"]
[Date "2022.03.27"]
[Round "6.74"]
[White "Conway, John"]
[Black "Graham, Neil"]
[Result "0-1"]
[WhiteElo "1710"]
[BlackElo "1751"]
[PlyCount "70"]
[EventDate "2022.03.27"]
[WhiteTeam "Throw in the Tal"]
[BlackTeam "Ashfield 2"]

1. e4 e5 2. Nf3 Nf6 3. Nc3 Nc6 4. Bc4 Nxe4 5. Bxf7+ Kxf7 6. Nxe4 d5 7. Nfg5+
Kg8 8. Qf3 Qe7 9. Nc5 e4 10. Ncxe4 h6 11. O-O hxg5 12. Ng3 g4 13. Qxd5+ Be6 14.
Qe4 Re8 15. Re1 Qh4 16. Nf1 Bf7 17. Qxe8 Bxe8 18. Rxe8 Kf7 19. Re4 Bd6 20. d3
Bxh2+ 21. Nxh2 Qxh2+ 22. Kf1 Qh1+ 23. Ke2 Qxg2 24. Rf4+ Kg6 25. Be3 Rh1 26.
Rxh1 Qxh1 27. Rxg4+ Kf7 28. Rf4+ Kg8 29. b4 Qb1 30. Rc4 Nxb4 31. Kd2 Nd5 32.
Bxa7 b6 33. Bb8 Qf1 34. Bxc7 Qxf2+ 35. Kc1 Nxc7 0-1

[Event "4NCL Division 3 Central"]
[Site "Leamington Spa, ENG"]
[Date "2022.03.27"]
[Round "6.75"]
[White "Fraser, Chris"]
[Black "Woolgar, Steven G"]
[Result "1-0"]
[WhiteElo "1648"]
[BlackElo "1643"]
[PlyCount "107"]
[EventDate "2022.03.27"]
[WhiteTeam "Ashfield 2"]
[BlackTeam "Throw in the Tal"]

1. e4 c5 2. Nc3 Nc6 3. f4 d6 4. Nf3 g6 5. Bb5 Bd7 6. d3 Bg7 7. O-O Nf6 8. Qe1
Nb4 9. Bxd7+ Nxd7 10. Qf2 O-O 11. a3 Nc6 12. Qh4 e5 13. Qh3 Nd4 14. Nxd4 cxd4
15. Nd5 Rc8 16. Rf2 Nb6 17. Nxb6 Qxb6 18. f5 Qd8 19. Bh6 Qf6 20. fxg6 Qxg6 21.
Bxg7 Kxg7 22. Rf3 Kh8 23. Rg3 Qe6 24. Qxe6 fxe6 25. Rc1 b5 26. c3 a5 27. c4
bxc4 28. dxc4 Rf4 29. b3 Rxe4 30. Rf1 Rf4 31. Rgf3 Rxf3 32. gxf3 Kg7 33. Kf2
Kf6 34. Rc1 Kf5 35. b4 axb4 36. axb4 Rb8 37. b5 Kf4 38. Rb1 Rb6 39. Ke2 e4 40.
fxe4 Kxe4 41. Ra1 d3+ 42. Kd2 Kd4 43. Ra6 Kc5 44. Rxb6 Kxb6 45. Kxd3 Kc5 46.
Ke4 h6 47. h3 e5 48. h4 h5 49. Kf5 Kb6 50. Kg5 Kc5 51. Kxh5 d5 52. cxd5 Kxd5
53. b6 Kc6 54. Kg4 1-0

[Event "4NCL Division 3 Central"]
[Site "Leamington Spa, ENG"]
[Date "2022.03.27"]
[Round "6.76"]
[White "Scaife, Warrick"]
[Black "Thomson, James L"]
[Result "1/2-1/2"]
[WhiteElo "1693"]
[BlackElo "1544"]
[PlyCount "61"]
[EventDate "2022.03.27"]
[WhiteTeam "Throw in the Tal"]
[BlackTeam "Ashfield 2"]

1. e4 c6 2. d4 d5 3. f3 Nf6 4. e5 Ng8 5. Bd3 e6 6. f4 c5 7. c3 Nc6 8. Nf3 cxd4
9. cxd4 Nge7 10. Nc3 Nf5 11. Bxf5 exf5 12. Qb3 Ne7 13. Nb5 Nc6 14. Qxd5 Bb4+
15. Kf2 Qxd5 16. Nc7+ Kf8 17. Nxd5 Ba5 18. Be3 Be6 19. Nc3 Nb4 20. Ne1 Ke7 21.
a3 Nd5 22. Nxd5+ Bxd5 23. Nd3 Rhc8 24. Rhc1 Bb6 25. Nb4 Ke6 26. Rc3 Rxc3 27.
bxc3 Rc8 28. Bd2 Be4 29. Rc1 a5 30. Nc2 Bxc2 31. Rxc2 1/2-1/2